The mineralogy of Kentucky; (Record no. 26434)

MARC details
000 -LEADER
fixed length control field 01201cam a22002771 4500
001 - CONTROL NUMBER
control field gs 26000047
003 - CONTROL NUMBER IDENTIFIER
control field DLC
005 - DATE AND TIME OF LATEST TRANSACTION
control field 20260227111330.0
008 - FIXED-LENGTH DATA ELEMENTS--GENERAL INFORMATION
fixed length control field 780330s1925 xx 000 0 eng c
010 ## - LIBRARY OF CONGRESS CONTROL NUMBER
LC control number gs 26000047
035 ## - SYSTEM CONTROL NUMBER
System control number (OCoLC)3764370
040 ## - CATALOGING SOURCE
Original cataloging agency U.S. Geological Survey
Transcribing agency OT
Modifying agency DLC
050 00 - LIBRARY OF CONGRESS CALL NUMBER
Classification number QE375
Item number .R5
100 1# - MAIN ENTRY--PERSONAL NAME
Personal name Richardson, Charles Henry,
Dates associated with a name 1862-1935.
245 14 - TITLE STATEMENT
Title The mineralogy of Kentucky;
Remainder of title a description of the physical and chemical properties of minerals native to Kentucky,
Statement of responsibility, etc. by Charles Henry Richardson. Presented with two separate geological papers by James S. Hudnall, E. F. Cash and C. A. Allen.
260 ## - PUBLICATION, DISTRIBUTION, ETC.
Place of publication, distribution, etc. Frankfort,
Name of publisher, distributor, etc. The Kentucky geological survey,
Date of publication, distribution, etc. 1925.
300 ## - PHYSICAL DESCRIPTION
Extent [8], 170 p.
Other physical details front., illus., 4 fold. pl. (incl. map) tables.
Dimensions 24 cm.
490 0# - SERIES STATEMENT
Series statement Kentucky. Geological survey, 1920. Ser. VI.
Volume/sequential designation v. 27
500 ## - GENERAL NOTE
General note The Elkhorn coal field, by J. S. Hudnall: p. 131-133.
500 ## - GENERAL NOTE
General note Coal losses in Kentucky, by F. E. Cash and C. A. Allen: p. 135-170.
650 #0 - SUBJECT ADDED ENTRY--TOPICAL TERM
Topical term or geographic name entry element Mineralogy
Geographic subdivision Kentucky.
650 #0 - SUBJECT ADDED ENTRY--TOPICAL TERM
Topical term or geographic name entry element Coal
Geographic subdivision Kentucky.
700 1# - ADDED ENTRY--PERSONAL NAME
Personal name Hudnall, James S.,
Relator term joint author.
700 1# - ADDED ENTRY--PERSONAL NAME
Personal name Cash, E. F.
700 1# - ADDED ENTRY--PERSONAL NAME
Personal name Allen, C. A.
Fuller form of name (Carl Alton),
Dates associated with a name 1883-1923.

No items available.

Powered by Koha